01990nam a2200481 i 450000100060000000300080000600500170001400600190003100700150005000800410006502000180010602000270012403500230015103500240017403500250019803500210022304000310024405000220027508000080029708200120030524501310031726400640044830000410051233600310055333700330058433800430061749000660066050000230072658801270074959001590087665000290103565000320106465000380109665000430113465500270117770000460120470000460125071000470129679700190134383000670136285600620142999900170149120332FlNmELB20241216213834.0m o d | cr cnu||||||||160112s2010 mx o 001 0 spa d z9786074012316 a9781512918861 (e-book) a(MiAaPQ)EBC4184720 a(Au-PeEL)EBL4184720 a(CaPaEBR)ebr11126957 a(OCoLC)949159784 aFINmELBbspaerdacFINmELB 4aJX1395bP467 2010 a3270 a32722300aPerspectivas sobre temas de relaciones internacionales /cFelipe Cuamea Velázquez, Ana B. Mungaray Moctezuma, coordinadores. 1aMéxico D.F. :bEditorial Miguel Ángel Porrúa,c[2010] a1 recurso en línea (292 páginas) atextobtxt2rdacontent/spa acomputadorabc2rdamedia/spa arecurso en líneabcr2rdacarrier/spa1 aSerie conmemorativa 50 Aniversario UABC. Conocer para decidir aContiene índice. aDescripción basada en recurso en línea; Título de la página del título en PDF (e-libro, visto January 12, 2016). aRecurso electronico. Santa Fe, Arg. : e-libro, 2014. Disponible via World Wide Web. El acceso puede ser limitado para las bibliotecas afiliadas a e-libro. 0aInternational relations. 4aRelaciones internacionales. 0aGlobalizationxPolitical aspects. 4aGlobalizaciónxAspectos políticos. 4aLibros electrónicos.1 aCuamea Velázquez, Felipe,ecoordinador.1 aMungaray Moctezuma, Ana B,ecoordinadora.2 aUniversidad Autónoma de Baja California.2 ae-libro, Corp. 0aSerie conmemorativa 50 Aniversario UABC. Conocer para decidir.40uhttps://elibro.net/ereader/politecnicointernacional/38267 c20332d20332